ბათუმის შოთა რუსთაველის სახელმწიფო უნივერსიტეტის ბიბლიოთეკა

ქართულ სინონიმთა ლექსიკონი / (ბიბ.ჩანაწერი № 53465)

000 -ლიდერი
ფიქსირებული სიგრძის საკონტროლო ველი 01069nam a2200253Ia 4500
001 - საკონტროლო ნომერი
საკონტროლო ველი 20511
003 - საკონტროლო ნომრის იდენტიფიკატორი
საკონტროლო ველი GE_BSU
005 - ბოლო ოპერაციის თარიღი და დრო
საკონტროლო ველი 20210110231216.0
008 - ფიქსირებული სიგრძის მონაცემთა ელემენტები - ზოგადი ინფორმაცია
ფიქსირებული სიგრძის საკონტროლო ველი 181216s1951||||ge |||||||||||||| ||geo||
040 ## - კატალოგიზაციის წყარო
Transcribing agency GE_BSU
041 ## - ენის კოდი
Language code of text/sound track or separate title geo
080 ## - უნივერსალური ათობითი კლასიფიკაციის ინდექსი
Universal Decimal Classification number 81'374.221=353.1 ნ-44
100 ## - მთავარი ჩანაწერი - პიროვნების სახელი
Personal name ნეიმანი, ალ.
9 (RLIN) 8720
245 ## - ცნობა სათაურის შესახებ
Title ქართულ სინონიმთა ლექსიკონი /
Statement of responsibility, etc ალ. ნეიმანი ; რედ. ს. ყაუხჩიშვილი.
264 ## - წარმოების, გამოცემის, დისტრიბუციის და სხვა ცნობები
გამოცემის, წარმოების, დისტრიბუციის... ადგილი თბილისი :
გამოცემის, წარმოების, დისტრიბუციის... სახელწოდება სახელგამი,
გამოცემის, წარმოების, დისტრიბუციის... თარიღი 1951.
300 ## - ფიზიკური აღწერა
Extent 440 გვ. ;
Dimensions 23 სმ.
500 ## - ზოგადი შენიშვნა
General note წანართი : სინონიმთა საკითხისათვის, გვ. VI-LIV
504 ## - BIBLIOGRAPHY, ETC. NOTE
Bibliography, etc ბიბლიოგრ. გვ. LVI-LVIII
653 ## - INDEX TERM--UNCONTROLLED
Uncontrolled term ქართულ სინონიმთა ლექსიკონი
653 ## - INDEX TERM--UNCONTROLLED
Uncontrolled term ქართული ენა
700 ## - ADDED ENTRY--PERSONAL NAME
Personal name ყაუხჩიშვილი, ს.
Relator term რედაქტორი
9 (RLIN) 8037
942 ## - ADDED ENTRY ELEMENTS (KOHA)
Koha item type წიგნი
Source of classification or shelving scheme
ეგზემპლარები
ჩამოწერის სტატუსი დაკარგული ეგზემპლარის სტატუსი კლასიფიკაციის წყარო ან თაროზე გაწყობის სქემა დაზიანების სტატუსი არ გაიცემა მუდმივი მდებარეობა (დაცვის ადგილი) ამჟამინდელი ადგილსამყოფელი თაროზე განთავსების ადგილი შეძენის თარიღი ღირებულება, შესყიდვის ნორმალური ფასი სრული შენახვის შიფრი შტრიხკოდი ბოლო ოპერაციის თარიღი ეგზემპლარის მიმდევრობითი ნომერი (კეტერი?) ფასის ძალაში შესვლის თარიღი ეგზემპლარის სახეობა საჯარო შენიშვნა
          ბათუმის შოთა რუსთაველის სახელმწიფო უნივერსიტეტის მთავარი ბიბლიოთეკა ბათუმის შოთა რუსთაველის სახელმწიფო უნივერსიტეტის მთავარი ბიბლიოთეკა წიგნსაცავი 2018-12-17 5.00 81'374.221=353.1 ნ-44 53512 2018-12-17 53512 2018-12-17 წიგნი 5.00 ლ.